Daheim-Kalender für das Deutsch Reich auf das Schaltjahr 1884 / (Record no. 153384)

MARC details
000 -LEADER
campo de control de longitud fija 00632nam a22001695i 4500
001 - NÚMERO DE CONTROL
campo de control 153384
003 - IDENTIFICADOR DE NÚMERO DE CONTROL
campo de control ES-MaACL
005 - FECHA Y HORA DE LA ÚLTIMA TRANSACCIÓN
campo de control 20250709062530.0
008 - DATOS DE LONGITUD FIJA--INFORMACIÓN GENERAL
campo de control de longitud fija 040802s1884 gw a |||| | ger d
040 ## - FUENTE DE CATALOGACIÓN
Centro catalogador/agencia de origen CAM
Lengua de catalogación spa
Centro/agencia transcriptor CAM
245 00 - MENCIÓN DEL TÍTULO
Título Daheim-Kalender für das Deutsch Reich auf das Schaltjahr 1884 /
Mención de responsabilidad, etc. herausgegeben von der Redaktion des Daheim.
260 ## - PUBLICACIÓN, DISTRIBUCIÓN, ETC.
Lugar de publicación, distribución, etc. Bielefeld :
Nombre del editor, distribuidor, etc. und Leipzig,
Fecha de publicación, distribución, etc. Velhagen & Klasing
-- [s.a.]
300 ## - DESCRIPCIÓN FÍSICA
Extensión 272 p., [4] h. de lám. :
Otras características físicas il. ;
Dimensiones 18 cm.
852 ## - LOCALIZACIÓN
Ubicación ES-MaACL
Número de control de estantería C-3021
Nota libre -- Enc. cartón il.: "X.A. v. O.Roth"
-- -- Legado de M. de la Fuente
942 ## - ELEMENTOS DE ENTRADA SECUNDARIOS (KOHA)
Fuente del sistema de clasificación o colocación Clasificación decimal universal
Tipo de ítem Koha Revista
Holdings
Estatus retirado Estado de pérdida Fuente del sistema de clasificación o colocación Estado de daño No para préstamo Colección Biblioteca de origen Biblioteca actual Ubicación en estantería Fecha de adquisición Total de préstamos Signatura topográfica completa Código de barras Visto por última vez Precio de reemplazo Tipo de ítem Koha
    Clasificación decimal universal     Periódicos y Revistas Biblioteca del Ateneo de Madrid Biblioteca del Ateneo de Madrid Sala Palomar 17/01/2008   C-3021 1160299 23/02/2023 23/02/2023 Revista